000 00457nam a2200181Ia 4500
001 20895
005 20260306172839.0
008 260306t1995||||xx |||||||||||||| ||spa||
041 _aESP
082 _a343.07
_bA67
100 _aArbeláez Carvajal, Joaquín
_eAUT
245 0 _aFundamentos de derecho comercial y tributario
260 _c1995
300 _axii, 234 páginas :
_c23 cm.
650 _aGEN
654 _aCCO
942 _cLIB
_dJUS
_fJUS
_2ddc
_n
999 _c20895
_d20895